| 000 | 00000nam##2200000za#4500 |
| 001 | 9.696596 |
| 003 | CaOODSP |
| 005 | 20241203113637 |
| 007 | cr ||||||||||| |
| 008 | 150407|2010||||xxc|||||o f|0| 0 eng|d |
| 040 | |aCaOODSP|beng |
| 043 | |an-cn--- |
| 086 | 1 |aEn14-71/2010E-PDF |
| 110 | 1 |aCanada. |bEnvironment Canada. |
| 245 | 10|a2010 Pulp and Paper Environmental Effects Monitoring (EEM) technical guidance document |h[electronic resource] |
| 246 | 1 |aPulp and paper EEM guidance document |
| 260 | |aOttawa - Ontario : |bEnvironment Canada |c2010. |
| 300 | |a490p.|bfigs. (some coloured), references, tables |
| 590 | |a12-37-Supp|b2012-09-24 |
| 690 | 07|aEnvironmental impact|2gcpds |
| 690 | 07|aPulp and paper industry|2gcpds |
| 775 | 08|tGuide technique pour l'Étude de suivi des effets sur l'environnement (ESEE) des pâtes et papiers (2010) |w(CaOODSP)9.640751 |
| 856 | 40|ahttp://publications.gc.ca|qPDF|s3.92 MB|uhttps://publications.gc.ca/collections/collection_2012/ec/En14-71-2010-eng.pdf |